000 00852pam a2200253 a 4500
001 2737
005 20241218101059.0
020 _a9780516262857
040 _aDLC
_cDLC
_dDLC
_beng
050 0 0 _aE215.S84
_b 1996
082 0 0 _a973.3
100 1 _aStein, R. Conrad
245 1 4 _aThe Boston tea party /
_cStein, R. Conard
260 _aNew York :
_bChildren's Press,
_c1996 .
300 _a30 pages :
_bcolor illustrations ;
_c25 cm.
505 _aZ
520 _aDramatic and defining moments in American history come vividly the life in the Cornerstones of Freedom series.
521 _a930
_bLexile
521 _aZ
_bRaz-Plus
650 0 _aBoston Tea Party, Boston, Mass., 1773
_vJuvenile literature.
650 1 _aBoston Tea Party, Boston, Mass., 1773.
906 _a7
_bcbc
_corignew
_d1
_eocip
_f19
_gy-gencatlg
942 _2ddc
_cBK
_n0
999 _c2737
_d2737